[Event "WA Open Reserve"]
[Site "Redmond, WA"]
[Date "2010.05.30"]
[Round "3"]
[White "Chase, Stephen L"]
[Black "Yeo, Noah"]
[Result "1-0"]
[WhiteElo "1592"]
[BlackElo "1121"]
[PlyCount "53"]
[EventDate "2010.05.31"]
[EventCountry "USA"]
[SourceDate "2010.05.29"]

1. e4 e5 2. Nf3 Nc6 3. Bc4 Nf6 4. d4 exd4 5. O-O Be7 6. e5 Ng4 7. Re1 d6 8. h3
Ngxe5 9. Nxe5 dxe5 10. f4 f6 11. fxe5 fxe5 12. c3 Bc5 13. Qh5+ g6 14. Rxe5+
Nxe5 15. Qxe5+ Qe7 16. Qxh8+ Kd7 17. cxd4 Qe1+ 18. Bf1 Bd6 19. Qxh7+ Kc6 20.
d5+ Kb6 21. Nd2 Qg3 22. Nc4+ Kc5 23. Nxd6 Kxd6 24. Qf7 Kc5 25. Bf4 Qh4 26. Rc1+
Kb6 27. Qxc7# 1-0

[Event "WA Open Reserve"]
[Site "Redmond, WA"]
[Date "2010.05.30"]
[Round "3"]
[White "Haining, Kyle"]
[Black "May, Sarah"]
[Result "0-1"]
[WhiteElo "1383"]
[BlackElo "1631"]
[PlyCount "124"]
[EventDate "2010.05.31"]
[EventCountry "USA"]
[SourceDate "2010.05.29"]

1. e4 e5 2. Nf3 Nc6 3. Bb5 d6 4. d4 exd4 5. Nxd4 Bd7 6. Bxc6 Bxc6 7. Nxc6 bxc6
8. Nc3 g6 9. Qd4 f6 10. Qc4 Ne7 11. Qe6 Bg7 12. Bd2 Qd7 13. Qxd7+ Kxd7 14. O-O
Rhe8 15. Rfe1 Nc8 16. Rad1 Nb6 17. b3 c5 18. f3 Rad8 19. Ne2 c4 20. Bc3 c6 21.
Ng3 Kc7 22. Kf2 Rd7 23. Ba5 cxb3 24. axb3 Bf8 25. c4 Red8 26. Rc1 Kb7 27. Red1
c5 28. Rc3 Rb8 29. Rcd3 Kc6 30. Bxb6 Rxb6 31. Ne2 Rdb7 32. Nc1 a5 33. R1d2 a4
34. Rb2 Bh6 35. Rb1 Bxc1 36. Rxc1 Rxb3 37. Rxb3 Rxb3 38. Ra1 a3 39. Kg3 Kb6 40.
Kf4 Ka5 41. g4 Kb4 42. g5 fxg5+ 43. Kg4 h6 44. f4 gxf4 45. Kxf4 Rc3 46. Rb1+
Kxc4 47. e5 dxe5+ 48. Kxe5 a2 49. Re1 Rb3 50. Ra1 Rb2 51. Kf6 Kb3 52. h4 Rb1
53. Rxa2 Kxa2 54. Kxg6 Rb6+ 55. Kf5 c4 56. Ke4 c3 57. Kd3 Kb2 58. Ke3 c2 59.
Kf4 c1=Q+ 60. Kf5 Qc4 61. Ke5 Re6+ 62. Kf5 Qe4# 0-1

[Event "WA Open Reserve"]
[Site "Redmond, WA"]
[Date "2010.05.30"]
[Round "3"]
[White "Mellott, Michael"]
[Black "Rogers, Bill"]
[Result "1-0"]
[WhiteElo "1185"]
[BlackElo "1316"]
[PlyCount "71"]
[EventDate "2010.05.31"]
[EventCountry "USA"]
[SourceDate "2010.05.29"]

1. Nf3 b6 2. c4 Bb7 3. Nc3 Nf6 4. g3 Nc6 5. Bg2 d6 6. e4 e5 7. d3 Be7 8. O-O
O-O 9. a3 Nb8 10. Nh4 Nbd7 11. b4 Re8 12. Nf5 Bf8 13. Bg5 h6 14. Bd2 c5 15. b5
Kh7 16. Qf3 g6 17. Ne3 Bg7 18. Ncd5 Rc8 19. Bh3 Nxd5 20. exd5 Qe7 21. Rae1 Rc7
22. Ng4 Bc8 23. Bg2 Nf6 24. Nxf6+ Qxf6 25. Qe3 Rce7 26. Re2 Bg4 27. f3 Bd7 28.
Rfe1 Bf8 29. Kh1 Qg7 30. Kg1 f5 31. Qf2 Qh8 32. Bc3 Bg7 33. f4 exf4 34. Rxe7
Rxe7 35. Rxe7 fxg3 36. Qxg3 1-0

[Event "WA Open Reserve"]
[Site "Redmond, WA"]
[Date "2010.05.30"]
[Round "3"]
[White "Nicoski, Aaron"]
[Black "Cordero, Rowland"]
[Result "0-1"]
[WhiteElo "1600"]
[BlackElo "1451"]
[PlyCount "102"]
[EventDate "2010.05.31"]
[EventCountry "USA"]
[SourceDate "2010.05.29"]

1. d4 d5 2. Bf4 c6 3. c3 Nd7 4. e3 Ngf6 5. Nd2 g6 6. Bd3 Bg7 7. f3 O-O 8. e4
Nh5 9. Be3 e5 10. Ne2 c5 11. O-O dxe4 12. Bxe4 cxd4 13. cxd4 Nb6 14. dxe5 Bxe5
15. Rb1 Qd7 16. Qc2 Nd5 17. Bxd5 Qxd5 18. Nc4 Bf5 19. Rbd1 Qc6 20. Qb3 Bg7 21.
g4 Be6 22. gxh5 Bxc4 23. Qc2 Rfe8 24. b3 Rxe3 25. bxc4 Rxf3 26. hxg6 Qxg6+ 27.
Qxg6 Rxf1+ 28. Kxf1 hxg6 29. Rd7 b6 30. Rc7 Be5 31. Rb7 Bxh2 32. Kg2 Bd6 33.
Nc3 Bc5 34. Nd5 Kg7 35. Kf3 a5 36. Nxb6 Bxb6 37. Rxb6 Rc8 38. Ra6 Rxc4 39. Rxa5
Kf6 40. a4 Ke6 41. Ra8 g5 42. a5 Ra4 43. a6 Kf5 44. a7 Ra3+ 45. Kg2 Kf4 46. Kh2
g4 47. Kg2 Ra2+ 48. Kf1 f5 49. Kg1 g3 50. Kh1 Kf3 51. Rf8 Ra1# 0-1

[Event "WA Open Reserve"]
[Site "Redmond, WA"]
[Date "2010.05.30"]
[Round "3"]
[White "Yee, Nathaniel"]
[Black "Arond, Paul"]
[Result "1-0"]
[WhiteElo "1402"]
[BlackElo "1689"]
[Annotator "Yee"]
[PlyCount "67"]
[EventDate "2010.05.31"]
[EventCountry "USA"]
[SourceDate "2010.05.29"]

1. e4 d6 2. d4 g6 3. c4 Bg7 4. Nf3 Bg4 5. Be3 Nc6 6. Be2 Nf6 7. Nc3 O-O 8. O-O
e5 9. d5 Ne7 10. Rc1 Qd7 11. b4 Bxf3 12. Bxf3 Ne8 13. Be2 f5 14. f3 f4 15. Bf2
g5 16. c5 a6 17. a4 h5 18. cxd6 cxd6 19. b5 Nf6 20. Na2 Bh6 21. Bb6 Rfc8 22.
Qb3 g4 23. a5 Kh8 24. bxa6 bxa6 25. Nb4 Qe8 26. Bxa6 Rxc1 27. Rxc1 Qg6 28. Kh1
Rg8 29. Rg1 h4 30. Nc6 Nxc6 31. dxc6 Nh5 32. c7 Ng3+ 33. hxg3 hxg3 34. Qxg8+ {
! Queen sac by white for win. Black resigns.} 1-0

[Event "WA Open Reserve"]
[Site "Redmond, WA"]
[Date "2010.05.30"]
[Round "4"]
[White "Arond, Paul"]
[Black "Campbell, Tim"]
[Result "1-0"]
[WhiteElo "1689"]
[BlackElo "1545"]
[PlyCount "103"]
[EventDate "2010.05.31"]
[EventCountry "USA"]
[SourceDate "2010.05.29"]

1. d4 e6 2. Nf3 d5 3. e3 c5 4. b3 Nf6 5. Bb2 Nc6 6. a3 b6 7. Bd3 Bd6 8. Ne5 Bb7
9. O-O Qc7 10. f4 h5 11. Nd2 Bxe5 12. fxe5 Ng4 13. Qe2 f6 14. Bg6+ Kd7 15. h3
Nh6 16. exf6 gxf6 17. Rxf6 Rhg8 18. Raf1 Ne7 19. Qxh5 Ba6 20. R1f2 Qg3 21. Bf7
Nxf7 22. Rxf7 Qxe3 23. Nf3 Be2 24. Ne5+ Kd6 25. Qxe2 cxd4 26. Qxe3 dxe3 27. Re2
Nf5 28. g4 d4 29. Nc4+ Kd5 30. Kh2 Rg7 31. Nxe3+ dxe3 32. Bxg7 Nxg7 33. Rxg7
Ke4 34. Kg2 Rd8 35. Re7 e5 36. Rxa7 b5 37. g5 Rg8 38. h4 Rh8 39. Kg3 Rd8 40.
Re7 Rd2 41. Rxd2 exd2 42. Rd7 Ke3 43. g6 Ke2 44. g7 e4 45. g8=Q e3 46. Qd5 b4
47. Qd3+ Kd1 48. Qxe3 Kc1 49. Rxd2 Kb2 50. c3+ Kxa3 51. cxb4 Kxb4 52. Qd4+ 1-0

[Event "WA Open Reserve"]
[Site "Redmond, WA"]
[Date "2010.05.30"]
[Round "4"]
[White "Chi, Quentin"]
[Black "Cordero, Rowland"]
[Result "1-0"]
[WhiteElo "1635"]
[BlackElo "1451"]
[PlyCount "51"]
[EventDate "2010.05.31"]
[EventCountry "USA"]
[SourceDate "2010.05.29"]

1. e4 e5 2. Nf3 Nc6 3. d4 exd4 4. Bc4 Bc5 5. O-O Nge7 6. Ng5 Ne5 7. Nxf7 Nxf7
8. Bxf7+ Kxf7 9. Qh5+ Ng6 10. Qxc5 d6 11. Qxd4 Re8 12. Nc3 c6 13. Be3 Qe7 14.
Rad1 Rd8 15. f4 b6 16. f5 Ne5 17. f6 Qe6 18. fxg7+ Kg8 19. Rf8+ Rxf8 20.
gxf8=Q+ Kxf8 21. Qxd6+ Qxd6 22. Rxd6 Ba6 23. Bd4 Nc4 24. Rxc6 Nxb2 25. Nd5 Rc8
26. Rxc8+ 1-0

[Event "WA Open Reserve"]
[Site "Redmond, WA"]
[Date "2010.05.30"]
[Round "4"]
[White "Golden, Richard"]
[Black "Buchignani, Paul"]
[Result "1-0"]
[WhiteElo "1632"]
[BlackElo "1444"]
[PlyCount "60"]
[EventDate "2010.05.31"]
[EventCountry "USA"]
[SourceDate "2010.05.29"]

1. e4 c5 2. d4 cxd4 3. c3 dxc3 4. Nxc3 Nc6 5. Nf3 g6 6. Bc4 Bg7 7. O-O d6 8.
Qe2 Nf6 9. h3 O-O 10. Rd1 Nd7 11. Bf4 Qb6 12. Rab1 a6 13. Nd5 Qd8 14. Bg5 b5
15. Bb3 h6 16. Bh4 Nf6 17. Rbc1 Bb7 18. Nxf6+ exf6 19. Bg3 Ne5 20. Nh4 Qb6 21.
Bxe5 fxe5 22. Nxg6 Rfe8 23. Nh4 Bc8 24. Bd5 Ra7 25. Rc6 Qd8 26. Qh5 Be6 27. Nf5
Bxd5 28. Rxd6 Rd7 29. Rxd7 Qxd7 30. Rxd5 Qc6 {remaining moves unclear} 1-0

[Event "WA Open Reserve"]
[Site "Redmond, WA"]
[Date "2010.05.30"]
[Round "4"]
[White "Lampman, Becca"]
[Black "Mellott, Michael"]
[Result "1-0"]
[WhiteElo "1425"]
[BlackElo "1185"]
[PlyCount "91"]
[EventDate "2010.05.31"]
[EventCountry "USA"]
[SourceDate "2010.05.29"]

1. d4 d5 2. c4 c6 3. Nc3 Nf6 4. Nf3 Nbd7 5. e3 g6 6. Be2 Bg7 7. O-O O-O 8. Rb1
b6 9. b4 e6 10. b5 c5 11. Bb2 Bb7 12. Nd2 h5 13. Bf3 Rb8 14. Qb3 dxc4 15. Qxc4
Bxf3 16. Nxf3 Ng4 17. h3 Nh6 18. Rfd1 Rc8 19. Qa4 Rc7 20. d5 Bxc3 21. Bxc3 exd5
22. Rxd5 Qa8 23. Rbd1 Qb7 24. Qf4 Nf5 25. Rxf5 f6 26. Rfd5 g5 27. Qf5 Rf7 28.
Qg6+ Rg7 29. Qxh5 Rh7 30. Qe8+ Nf8 31. Rd8 Rhf7 32. Rb8 Rce7 33. Qxf7+ Kxf7 34.
Rxb7 Rxb7 35. Kf1 Rc7 36. Ke2 Ke6 37. Nd2 Rd7 38. Ne4 Rxd1 39. Kxd1 Nd7 40. Kd2
Kd5 41. Nxf6+ Nxf6 42. Bxf6 Kc4 43. Bxg5 Kxb5 44. h4 Kb4 45. h5 Ka3 46. h6 1-0

[Event "WA Open Reserve"]
[Site "Redmond, WA"]
[Date "2010.05.30"]
[Round "4"]
[White "Ma, Kevin"]
[Black "Nicoski, Aaron"]
[Result "1/2-1/2"]
[WhiteElo "1382"]
[BlackElo "1600"]
[PlyCount "66"]
[EventDate "2010.05.31"]
[EventCountry "USA"]
[SourceDate "2010.05.29"]

1. e4 d6 2. d4 Nf6 3. Nc3 g6 4. Nf3 Bg7 5. Bf4 O-O 6. Qd2 c6 7. Bd3 b5 8. a3 a6
9. O-O Bb7 10. b4 Nbd7 11. Rfe1 c5 12. Bh6 cxd4 13. Nxd4 Rc8 14. Bxg7 Kxg7 15.
Kh1 Ne5 16. f3 Nc4 17. Bxc4 Rxc4 18. Nce2 Qb6 19. Rad1 Rfc8 20. c3 Qc7 21. Qg5
e6 22. Nf4 Qd7 23. e5 Nd5 24. Nxd5 Bxd5 25. Qf6+ Kg8 26. exd6 Qxd6 27. Ne2 Qd8
28. Qe5 Qc7 29. Qf6 Qa7 30. Nf4 Qa8 31. Rxd5 exd5 32. Re7 Rxf4 33. Qxf4 Rf8
1/2-1/2

[Event "WA Open Reserve"]
[Site "Redmond, WA"]
[Date "2010.05.30"]
[Round "4"]
[White "Monahan, Darby"]
[Black "Nill, Matthew"]
[Result "0-1"]
[WhiteElo "1507"]
[BlackElo "1625"]
[PlyCount "102"]
[EventDate "2010.05.31"]
[EventCountry "USA"]
[SourceDate "2010.05.29"]

1. e4 d5 2. exd5 Nf6 3. c4 c6 4. dxc6 Nxc6 5. d3 e5 6. Nf3 e4 7. Qe2 Qxd3 8.
Qxd3 exd3 9. Be3 Nb4 10. Na3 Be6 11. Nd4 Rd8 12. f3 d2+ 13. Kf2 Bc5 14. Nac2
Bxd4 15. Nxd4 Rxd4 16. Bxd4 Nc2 17. Bxf6 Nxa1 18. Bd3 gxf6 19. Rxa1 Ke7 20. Ke2
h6 21. Rd1 Rc8 22. b3 b6 23. Rxd2 f5 24. f4 a5 25. a4 Rd8 26. Ke3 Kf6 27. Be2
Rxd2 28. Kxd2 Bd7 29. Kc3 Bc6 30. Bf3 Be4 31. b4 Ke6 32. bxa5 bxa5 33. Kd4 Bc2
34. Bc6 Kd6 35. Bb5 f6 36. c5+ Kc7 37. Kc3 Be4 38. g3 Bf3 39. Bc4 Kc6 40. Kd4
Be4 41. Bf7 Bf3 42. Bg6 Be4 43. g4 Bc2 44. h4 Kc7 45. g5 fxg5 46. fxg5 hxg5 47.
h5 g4 48. h6 g3 49. h7 g2 50. Kc3 g1=Q 51. h8=Q Qa1+ 0-1

[Event "WA Open Reserve"]
[Site "Redmond, WA"]
[Date "2010.05.30"]
[Round "4"]
[White "Nagase, Masayuki"]
[Black "Baker, Ted"]
[Result "1-0"]
[WhiteElo "1536"]
[BlackElo "1418"]
[PlyCount "85"]
[EventDate "2010.05.31"]
[EventCountry "USA"]
[SourceDate "2010.05.29"]

1. d4 d5 2. c4 e6 3. Nc3 Nf6 4. Nf3 c5 5. dxc5 Bxc5 6. cxd5 Nxd5 7. Nxd5 Qxd5
8. Qxd5 exd5 9. Bf4 O-O 10. e3 Bg4 11. Be2 Nd7 12. O-O Nf6 13. h3 Be6 14. Bg5
Ne4 15. Bf4 Bd6 16. Bxd6 Nxd6 17. Rfd1 Ne4 18. Nd2 Nxd2 19. Rxd2 Rad8 20. Rad1
d4 21. Rxd4 Rxd4 22. Rxd4 Bxa2 23. Ra4 Bd5 24. Rxa7 b6 25. Rd7 Be6 26. Rb7 g6
27. Rxb6 Rc8 28. Bf3 Rc1+ 29. Kh2 Rc2 30. Kg3 Bc4 31. Rc6 Bb3 32. Rxc2 Bxc2 33.
Bd5 Bd3 34. b4 Bb5 35. Kf4 Kf8 36. Ke5 Ke7 37. Kd4 Kd6 38. Bxf7 Bf1 39. Bd5 Bb5
40. g3 g5 41. h4 gxh4 42. gxh4 h6 43. e4 1-0

[Event "WA Open Reserve"]
[Site "Redmond, WA"]
[Date "2010.05.30"]
[Round "4"]
[White "Piper, August"]
[Black "Haining, Kyle"]
[Result "1/2-1/2"]
[WhiteElo "1558"]
[BlackElo "1383"]
[PlyCount "58"]
[EventDate "2010.05.31"]
[EventCountry "USA"]
[SourceDate "2010.05.29"]

1. b3 e5 2. Bb2 Nc6 3. e4 Nf6 4. d3 Bc5 5. h3 d6 6. Nf3 h6 7. Nc3 Be6 8. g3 Qd7
9. Nh4 g5 10. Nf3 Ne7 11. g4 Ng6 12. Ne2 Bb6 13. Qd2 c6 14. Ng3 Nf4 15. Nf5
Bxf5 16. gxf5 g4 17. Nh4 Qe7 18. hxg4 Nxg4 19. d4 O-O-O 20. O-O-O Nf6 21. f3
N4h5 22. Ng2 Kb8 23. a4 Bc7 24. Qb4 Ng3 25. Ba6 Bb6 26. a5 Bxa5 27. Qxa5 bxa6
28. dxe5 Ne8 29. exd6 Nxd6 {remaining moves unclear} 1/2-1/2

[Event "WA Open Reserve"]
[Site "Redmond, WA"]
[Date "2010.05.30"]
[Round "4"]
[White "Presley, Jason"]
[Black "Chase, Stephen L"]
[Result "1/2-1/2"]
[WhiteElo "1181"]
[BlackElo "1592"]
[PlyCount "92"]
[EventDate "2010.05.31"]
[EventCountry "USA"]
[SourceDate "2010.05.29"]

1. Nf3 Nf6 2. g3 g6 3. Bg2 Bg7 4. O-O c5 5. c3 Nc6 6. d4 cxd4 7. cxd4 d5 8. Nc3
O-O 9. Re1 Ne4 10. e3 f5 11. Qb3 e6 12. Nd2 Qe7 13. Ncxe4 fxe4 14. f3 exf3 15.
Nxf3 Qb4 16. Qxb4 Nxb4 17. Re2 Bd7 18. Bd2 Nd3 19. Bc3 Bb5 20. Rd2 Bh6 21. Re2
Rac8 22. Bh3 Rf6 23. Ne5 Nf4 24. exf4 Bxe2 25. Nd7 Rcf8 26. Nxf8 Kxf8 27. Re1
Bf3 28. Bxe6 Be4 29. Bh3 Ke8 30. Bg2 Re6 31. Bxe4 dxe4 32. d5 Rd6 33. Rxe4+ Kd7
34. Kg2 Rxd5 35. Rd4 Rxd4 36. Bxd4 a6 37. Kf3 Ke6 38. g4 Bf8 39. g5 Kf5 40. Be5
Be7 41. Bc7 Bc5 42. h3 Bd4 43. b3 Bb2 44. a4 Bc1 45. b4 Bd2 46. b5 Bc1 1/2-1/2

[Event "WA Open Reserve"]
[Site "Redmond, WA"]
[Date "2010.05.30"]
[Round "4"]
[White "Rogers, Bill"]
[Black "Chang, Evangeline"]
[Result "0-1"]
[WhiteElo "1316"]
[BlackElo "1411"]
[PlyCount "70"]
[EventDate "2010.05.31"]
[EventCountry "USA"]
[SourceDate "2010.05.29"]

1. e4 c5 2. Nf3 e6 3. d4 cxd4 4. Nxd4 Nc6 5. Be3 Qc7 6. Nd2 Nf6 7. Bd3 a6 8.
O-O Be7 9. a3 O-O 10. f4 Bc5 11. N2f3 Ng4 12. Qe2 Qb6 13. c3 Nxe3 14. Qxe3 Qxb2
15. Qc1 Qb6 16. Rb1 Qa7 17. Qb2 Qb8 18. Ne5 Nxe5 19. fxe5 Qxe5 20. Kh1 b5 21.
Nf3 Qd6 22. Qc2 h6 23. e5 Qe7 24. Be4 Rb8 25. a4 Bb7 26. axb5 axb5 27. Bh7+ Kh8
28. Rxb5 Bxf3 29. Rxb8 Bxg2+ 30. Kxg2 Rxb8 31. Bd3 Qg5+ 32. Kh3 Qxe5 33. Rxf7
Qh5+ 34. Kg2 Qxf7 35. Kh3 Qf3+ 0-1

[Event "WA Open Reserve"]
[Site "Redmond, WA"]
[Date "2010.05.30"]
[Round "4"]
[White "Truong, Kenneth"]
[Black "Bashkansky, Ethan"]
[Result "0-1"]
[WhiteElo "1494"]
[BlackElo "1664"]
[PlyCount "81"]
[EventDate "2010.05.31"]
[EventCountry "USA"]
[SourceDate "2010.05.29"]

1. e4 d5 2. exd5 Nf6 3. Bc4 Nxd5 4. d3 Nc6 5. Nf3 Bg4 6. h3 Bh5 7. c3 e6 8.
Nbd2 Qd7 9. d4 Bd6 10. Ne4 O-O-O 11. a4 f5 12. Ng3 Bxg3 13. fxg3 Qd6 14. Kf2 e5
15. Qe2 e4 16. Re1 Rhf8 17. Bxd5 Qxd5 18. c4 Nxd4 19. Nxd4 Qxd4+ 20. Be3 Qd3
21. Qf1 a6 22. c5 f4 23. gxf4 g5 24. Ra3 Qd5 25. g4 gxf4 26. Bxf4 Bg6 27. Kg3
Rf7 28. Ree3 Rdf8 29. c6 Rxf4 30. cxb7+ Qxb7 31. Qc4 Rf3+ 32. Kh4 Rxe3 33. Rxe3
Qb6 34. Re2 Qf6+ 35. Kg3 Qd6+ 36. Kg2 Qd3 37. Qe6+ Kb8 38. Rf2 Rxf2+ 39. Kxf2
e3+ 40. Qxe3 Qxe3+ 41. Kxe3 0-1

[Event "WA Open Reserve"]
[Site "Redmond, WA"]
[Date "2010.05.30"]
[Round "4"]
[White "Varner, Murlin"]
[Black "Baker, Ted"]
[Result "1-0"]
[WhiteElo "1532"]
[BlackElo "1418"]
[PlyCount "91"]
[EventDate "2010.05.31"]
[EventCountry "USA"]
[SourceDate "2010.05.29"]

1. d4 Nf6 2. c4 g6 3. Nc3 d5 4. Nf3 Bg7 5. Bf4 dxc4 6. e3 Nd5 7. Nxd5 Qxd5 8.
Bxc7 Nc6 9. Be2 O-O 10. O-O Bf5 11. Rc1 b5 12. b3 cxb3 13. axb3 Rac8 14. Rc5
Qd7 15. Bg3 a6 16. Qa1 Ra8 17. Rfc1 Rfc8 18. Qc3 Na7 19. Ne5 Rxc5 20. Qxc5 Qc8
21. Qa3 Qb7 22. Nd3 Rc8 23. Nc5 Qb6 24. Bf3 b4 25. Qa2 Nb5 26. Re1 Na3 27. Qe2
a5 28. Bg4 Bxg4 29. Qxg4 Rxc5 30. dxc5 Qxc5 31. Qe4 Qc3 32. Rf1 Qxb3 33. Qa8+
Bf8 34. Qxa5 Nc4 35. Qc5 Nd2 36. Rc1 Ne4 37. Qd4 Nxg3 38. hxg3 Qa4 39. Rc4 Qa3
40. Rxb4 Qc1+ 41. Kh2 Qe1 42. Qb2 Qd1 43. f3 h6 44. Rb8 Qd5 45. Rxf8+ Kxf8 46.
Qh8# 1-0

[Event "WA Open Reserve"]
[Site "Redmond, WA"]
[Date "2010.05.30"]
[Round "4"]
[White "Varner, Murlin"]
[Black "Baldwin, Christopher"]
[Result "0-1"]
[WhiteElo "1532"]
[BlackElo "1678"]
[PlyCount "60"]
[EventDate "2010.05.31"]
[EventCountry "USA"]
[SourceDate "2010.05.29"]

1. e4 c6 2. d4 d5 3. Nc3 b5 4. a3 e6 5. Nf3 b4 6. axb4 Bxb4 7. Bd2 Nf6 8. e5
Nfd7 9. Bd3 c5 10. dxc5 Nxc5 11. O-O Nxd3 12. cxd3 O-O 13. Qa4 Be7 14. Qg4 Kh8
15. Bg5 Nc6 16. d4 Bxg5 17. Nxg5 h6 18. Nf3 Qb6 19. Rfb1 Ba6 20. Na4 Qb4 21.
Nc5 Be2 22. Ra4 Bxf3 23. Qxf3 Qb5 24. Qc3 Rfc8 25. b4 a5 26. Qa1 Nxd4 27. Qxd4
Rxc5 28. Raa1 Rc4 29. Qd2 Rb8 30. Rxa5 Qxa5 0-1

[Event "WA Open Reserve"]
[Site "Redmond, WA"]
[Date "2010.05.31"]
[Round "5"]
[White "Baker, Ted"]
[Black "Hendricks, David"]
[Result "0-1"]
[WhiteElo "1418"]
[BlackElo "1547"]
[PlyCount "108"]
[EventDate "2010.05.31"]
[EventCountry "USA"]
[SourceDate "2010.05.29"]

1. d4 Nf6 2. c4 g6 3. Nc3 Bg7 4. e4 d6 5. f4 Nbd7 6. Nf3 O-O 7. Be2 c5 8. d5
Nb6 9. O-O Ne8 10. h3 f5 11. e5 e6 12. Be3 Qc7 13. Nb5 Qd8 14. Rb1 a6 15. Nc3
Qc7 16. Bf2 Bd7 17. Ng5 dxe5 18. dxe6 Bc6 19. Bxc5 Rd8 20. Qb3 Nc8 21. Bxf8
Bxf8 22. Nd5 Bc5+ 23. Kh1 Bxd5 24. cxd5 Ne7 25. Nf7 Rxd5 26. Nxe5 Rxe5 27. fxe5
Qxe5 28. Bf3 Bd6 29. Kg1 Bc5+ 30. Rf2 Qg3 31. Rbf1 Bd6 32. Rd1 Bc5 33. Rdd2 Qf4
34. Qd1 Nd6 35. Bxb7 Nxb7 36. b4 Qxb4 37. Kf1 Bxf2 38. Rxf2 Nd6 39. Rd2 Ne4 40.
Rd8+ Kg7 41. Qa1+ Kh6 42. Qc1+ g5 43. Qe1 Qb5+ 44. Kg1 Qb6+ 45. Kh2 Qxd8 46. h4
Qd6+ 47. Kg1 Qd4+ 48. Kh2 Qe5+ 49. Kg1 Qxe6 50. hxg5+ Kxg5 51. Qe3+ Kg6 52. a4
Nd5 53. Qb3 Qb6+ 54. Qxb6+ Nxb6 0-1

[Event "WA Open Reserve"]
[Site "Redmond, WA"]
[Date "2010.05.31"]
[Round "5"]
[White "Bashkansky, Ethan"]
[Black "Arond, Paul"]
[Result "0-1"]
[WhiteElo "1664"]
[BlackElo "1689"]
[PlyCount "68"]
[EventDate "2010.05.31"]
[EventCountry "USA"]
[SourceDate "2010.05.29"]

1. d4 Nf6 2. c4 c5 3. e3 cxd4 4. exd4 d5 5. Nc3 g6 6. Nf3 Bg7 7. Bg5 e6 8. cxd5
exd5 9. Bb5+ Kf8 10. O-O Be6 11. Ne5 a6 12. Ba4 b5 13. Bb3 Qd6 14. Bxf6 Bxf6
15. Qf3 Bxe5 16. dxe5 Qxe5 17. Rfe1 Qf5 18. Bxd5 Qxf3 19. Bxf3 Ra7 20. Rad1 Kg7
21. a3 Rd7 22. Rxd7 Nxd7 23. Bc6 Nc5 24. Bf3 Nd3 25. Re2 Nc1 26. Rd2 Nb3 27.
Rd6 Nc5 28. b4 Nb3 29. Rxa6 Nd4 30. Bd5 Rc8 31. Bc6 Nxc6 32. h3 Nxb4 33. axb4
Rxc3 34. Rb6 Bc4 0-1

[Event "WA Open Reserve"]
[Site "Redmond, WA"]
[Date "2010.05.31"]
[Round "5"]
[White "Buchignani, Paul"]
[Black "Monahan, Darby"]
[Result "1-0"]
[WhiteElo "1444"]
[BlackElo "1507"]
[PlyCount "101"]
[EventDate "2010.05.31"]
[EventCountry "USA"]
[SourceDate "2010.05.29"]

1. e4 c5 2. Nc3 d6 3. f4 a6 4. Nf3 Nc6 5. Bc4 e6 6. a3 Qc7 7. O-O b5 8. Ba2 Nf6
9. d3 Be7 10. Be3 Ng4 11. Bd2 Qb6 12. Qe1 c4+ 13. Kh1 cxd3 14. cxd3 O-O 15. Qe2
Bd7 16. f5 Bf6 17. h3 Nge5 18. Be3 Qd8 19. Nxe5 Nxe5 20. d4 Nc6 21. Rad1 Re8
22. d5 exd5 23. Bxd5 Rc8 24. Bf4 Ne7 25. Qg4 Rxc3 26. bxc3 Nxd5 27. Rxd5 Rxe4
28. Rxd6 Qe7 29. Rxa6 g6 30. Ra8+ Kg7 31. Qg3 Bxf5 32. Bd6 Bh4 33. Bxe7 Bxg3
34. Bf8+ Kf6 35. Ra6+ Kg5 36. Bd6 Re6 37. Rd1 Be4 38. Rb6 Bc2 39. Rxb5+ Be5 40.
Rdd5 f6 41. Bxe5 fxe5 42. Rxe5+ Rxe5 43. Rxe5+ Kf6 44. Re3 Bb3 45. Kg1 h5 46.
Kf2 Kg5 47. g3 Kf5 48. Ke1 Bd5 49. a4 g5 50. Kf2 Bc4 51. a5 1-0

[Event "WA Open Reserve"]
[Site "Redmond, WA"]
[Date "2010.05.31"]
[Round "5"]
[White "Chang, Evangeline"]
[Black "Nicoski, Aaron"]
[Result "1-0"]
[WhiteElo "1411"]
[BlackElo "1600"]
[PlyCount "120"]
[EventDate "2010.05.31"]
[EventCountry "USA"]
[SourceDate "2010.05.29"]

1. c4 Nf6 2. Nc3 g6 3. g3 Bg7 4. Bg2 O-O 5. e3 c5 6. Nge2 Nc6 7. d4 d6 8. h3
Bf5 9. g4 Bd7 10. O-O h5 11. g5 Nh7 12. f4 Qc8 13. Kh2 e5 14. dxe5 dxe5 15. Nd5
exf4 16. exf4 Re8 17. Ng3 Nd4 18. Ne4 Nf5 19. Rb1 Bd4 20. b3 Bc6 21. Bb2 Bxb2
22. Rxb2 Bxd5 23. cxd5 Ne3 24. Qe1 Nxf1+ 25. Qxf1 Rd8 26. Rd2 b6 27. d6 Rb8 28.
Qd1 Qf5 29. Qf1 Re8 30. d7 Red8 31. Ng3 Qe6 32. Qb5 a6 33. Qc6 Qxc6 34. Bxc6 f5
35. Re2 Kf7 36. Bd5+ Kg7 37. Bc6 Kf8 38. Re8+ Rxe8 39. dxe8=Q+ Rxe8 40. Bxe8
Kxe8 41. Kg2 Nf8 42. Kf2 Ne6 43. Ke3 Kd7 44. Ne2 Kc6 45. Kd3 b5 46. a3 a5 47.
h4 b4 48. axb4 cxb4 49. Kc4 Kb6 50. Kd5 Nc5 51. Kc4 Ne4 52. Nd4 Nd2+ 53. Kd5
Nxb3 54. Nxb3 a4 55. Nd2 Kb5 56. Kd4 a3 57. Kd3 Ka4 58. Kc2 a2 59. Kb2 a1=Q+
60. Kxa1 Ka3 {Remaining moves not recorded} 1-0

[Event "WA Open Reserve"]
[Site "Redmond, WA"]
[Date "2010.05.31"]
[Round "5"]
[White "Chase, Stephen L"]
[Black "Ma, Kevin"]
[Result "1-0"]
[WhiteElo "1592"]
[BlackElo "1382"]
[PlyCount "111"]
[EventDate "2010.05.31"]
[EventCountry "USA"]
[SourceDate "2010.05.29"]

1. e4 c5 2. g3 d6 3. Nc3 Nf6 4. Bg2 Nc6 5. d3 e6 6. Be3 Be7 7. f4 O-O 8. Nf3 d5
9. exd5 exd5 10. Ne2 Re8 11. O-O Be6 12. c3 Qd7 13. d4 c4 14. Ne5 Qc8 15. Qc2
Bf5 16. Qc1 Qe6 17. Kh1 Ne4 18. Ng1 f6 19. Nxc6 Qxc6 20. Nf3 Qd7 21. Nh4 Bh3
22. f5 Bxg2+ 23. Kxg2 Bd6 24. Bf4 Bxf4 25. Qxf4 Ng5 26. Rae1 Qb5 27. Qd2 Re4
28. Rxe4 Nxe4 29. Qc2 a5 30. Nf3 Re8 31. Re1 Qd7 32. Nh4 b5 33. h3 Qd6 34. Re3
Rb8 35. b3 Qc7 36. a3 Qd6 37. Qb2 Qb6 38. Nf3 cxb3 39. Qxb3 Qc6 40. Rxe4 Kf8
41. Re6 Qc4 42. Qxc4 bxc4 43. Ra6 Rb3 44. Rxa5 Rxc3 45. Kf2 Rb3 46. Ne1 c3 47.
Ke3 c2+ 48. Kd2 Rxg3 49. Nxc2 Rxh3 50. Rxd5 h5 51. a4 h4 52. a5 Rb3 53. a6 Rb8
54. Ra5 h3 55. Ra3 Ra8 56. Nb4 1-0

[Event "WA Open Reserve"]
[Site "Redmond, WA"]
[Date "2010.05.31"]
[Round "5"]
[White "Haining, Kyle"]
[Black "Smith, Catherine"]
[Result "0-1"]
[WhiteElo "1383"]
[BlackElo "1494"]
[PlyCount "132"]
[EventDate "2010.05.31"]
[EventCountry "USA"]
[SourceDate "2010.05.29"]

1. e4 e5 2. Nf3 Nc6 3. Bb5 Nge7 4. Nc3 d6 5. d4 exd4 6. Nxd4 Bd7 7. Be3 a6 8.
Ba4 Ne5 9. Bxd7+ Qxd7 10. f4 Nc4 11. Bc1 g6 12. Qe2 Na5 13. O-O Bg7 14. Be3
Nac6 15. Qd2 O-O 16. Rad1 f5 17. Qd3 fxe4 18. Nxe4 Nxd4 19. Bxd4 Bxd4+ 20. Qxd4
Qf5 21. Kh1 Rae8 22. Rde1 Qf7 23. Ng5 Nf5 24. Qa4 Rxe1 25. Rxe1 Qd5 26. Qd7 Ng7
27. Ne4 h6 28. Qe7 Qf7 29. Qxf7+ Rxf7 30. g3 Kf8 31. Kg2 Re7 32. Kf2 b5 33. Nc3
Nf5 34. Rxe7 Nxe7 35. g4 Kf7 36. Ke3 Ke6 37. Ne2 c5 38. h4 Nd5+ 39. Ke4 Nf6+
40. Kf3 d5 41. Ng3 b4 42. f5+ gxf5 43. Nxf5 Ng8 44. Kf4 a5 45. g5 hxg5+ 46.
Kxg5 c4 47. c3 bxc3 48. bxc3 Ke5 49. h5 Ke4 50. Ne7 d4 51. Nxg8 dxc3 52. Nf6+
Kd3 53. h6 c2 54. h7 c1=Q+ 55. Kg6 Qg1+ 56. Kh6 Qh2+ 57. Nh5 Qd6+ 58. Kg5 Qe7+
59. Kg6 Qf8 60. a4 c3 61. Nf4+ Kd2 62. Ne6 Qe8+ 63. Kg7 Qxe6 64. h8=Q Qe5+ 65.
Kg8 Qxh8+ 66. Kxh8 c2 0-1